Prospectus of a new weekly paper : submitted to men of affluence, men of liberality, and men of letters.

Bibliographic Details
Main Author: Dennie, Joseph, 1768-1812
Format: eBook
Language:English
Published: [Philadelphia] : [Joseph Dennie and Asbury Dickins], [1800]
Series:Early American imprints. Evans (1639-1800) ; no. 49059.
Early American imprints. Evans (1639-1800) ; no. 49060.
Subjects:
Online Access:Evans Digital Edition
Evans Digital Edition

MARC

Tag First Indicator Second Indicator Subfields
LEADER 00000cam a2200000 a 4500
001 in00002149136
006 m e d #
007 cr mn mmmmabba
008 830808s1800 pau s 000 0 eng d
005 20260331155533.1
035 |z w033604 
035 |a MAAR8308083901B 
035 |9 mwa91-64316 
035 |a 335758 
035 |a aas03033604 
040 |a MWA  |c MWA  |e bdrb  |d UtOrBLW 
100 1 |a Dennie, Joseph,  |d 1768-1812. 
245 1 0 |a Prospectus of a new weekly paper :  |b submitted to men of affluence, men of liberality, and men of letters. 
264 1 |a [Philadelphia] :  |b [Joseph Dennie and Asbury Dickins],  |c [1800] 
300 |a 8 unnumbered pages ;  |c 35 cm. (quarto) 
336 |a text  |b txt  |2 rdacontent 
337 |a computer  |b c  |2 rdamedia 
338 |a online resource  |b cr  |2 rdacarrier 
500 |a "... a new weekly paper, to be called The Port folio, by Oliver Oldschool, Esq. ..."--page [1]. 
500 |a Caption title. 
500 |a "Presumably written either wholly or in part by [Joseph] Dennie."--BAL. The Port folio was edited by Dennie and published by Dennie and Dickins. An advertisement for the Prospectus appeared in the Gazette of the United States, Philadelphia, Oct. 16, 1800. 
500 |a Two states noted, a number of lines having been rejustified, and the number of lines per column varying. In one state the last word of the first column on page [1] is "with"; in the other it is "something." 
500 |a Text printed in three columns. 
510 4 |a Bristol  |c B11114 
510 4 |a Shipton & Mooney  |c 49059 
510 4 |a Shipton & Mooney  |c 49060 
510 4 |a BAL  |c 4635 
530 |a Microform version available in the Readex Early American Imprints series. 
533 |a Electronic text and image data.  |b [Chester, Vt. :  |c Readex, a division of Newsbank, Inc.,  |d 2002-2004.  |e Includes files in TIFF, GIF and PDF formats with inclusion of keyword searchable text.  |f (Early American imprints. First series ; no. 49059). 
533 |a Electronic text and image data.  |b [Chester, Vt. :  |c Readex, a division of Newsbank, Inc.,  |d 2002-2004.  |e Includes files in TIFF, GIF and PDF formats with inclusion of keyword searchable text.  |f (Early American imprints. First series ; no. 49060). 
500 |a Electronic resource. 
630 0 0 |a Port folio (Philadelphia, Pa.) 
650 0 |a Publishers and publishing  |z Pennsylvania  |z Philadelphia. 
655 7 |a Prospectuses.  |2 rbgenr 
752 |a United States  |b Pennsylvania  |d Philadelphia. 
830 0 |a Early American imprints.  |n Series I,  |p Evans (1639-1800) ;  |v no. 49059. 
830 0 |a Early American imprints.  |n Series I,  |p Evans (1639-1800) ;  |v no. 49060. 
856 4 1 |u http://proxy.library.tamu.edu/login?url=https://opac.newsbank.com/select/evans/49059  |y Evans Digital Edition  |t 0 
856 4 1 |u http://proxy.library.tamu.edu/login?url=https://opac.newsbank.com/select/evans/49060  |y Evans Digital Edition  |t 0 
999 |a MARS 
999 f f |s e47e979b-540c-3b1a-9da2-53be4880d703  |i b366dd09-e6b8-3e21-a58f-8e6d6bcf8518  |t 0 
952 f f |a Texas A&M University  |b College Station  |c Electronic Resources  |s www_evans  |d Available Online  |t 0  |h No information provided 
998 f f |t 0  |l Available Online